01259nam a2200205 u 450000100100000000500170001000800410002704000250006808200200009310000420011324501220015526001260027730000210040350400190042450503770044365000600082065000410088095201170092199900150103800000481720240304144221.0090727s1998 dr r 000 0 spa d aDO-SdBNPbspacBNPHU a306.8742bC118i1 aCáceres Ureña, Francisco I.9769513aEl incremento de la maternidad adolescente en la República Dominicana 1991-1996 /cFrancisco I. Cáceres Ureñas. aSanto Domingo :bInstituto de Estudios de Población y Desarrollo :bFondo de Población de las Naciones Unidas,c1998. a116 p. ;c21 cm. aBibliografía2 aRiesgos del embarazo en las adolescentes -- Factores condicionantes del embarazo en adolescentes -- Operacionalización del esquema de análisis -- Tendencias y diferenciales de la maternidad en las adolescentes dominicanas -- Cambios recientes en la composición de la población adolescente femenina -- Determinantes de la maternidad en las adolescentes dominicanas. 4aEmbarazo en adolescenteszRepública Dominicana913981 4aAdolescentesxConducta sexual913982 0010718PDaPDbPDcHDd2009-07-27iLF1l0o306.8742 C118ip4817-10r2020-06-25w2020-06-25yLFPDZNo se presta c4623d4623